Alpha Premium Toolbox - Sách tặng kèm theo sách Quantum Marketing
Cuốn sách dành cho tất cả những người kinh doanh muốn hiểu tiếp thị đang phát triển nhanh chóng như thế nào, các nhà tiếp thị đang làm gì để sẵn sàng cho sự thay đổi này và thế giới mới sẽ như thế nào đối với các công ty, người tiêu d...
Zapisane w:
| Korporacja: | |
|---|---|
| Format: | Książka |
| Język: | Vietnamese |
| Wydane: |
H.
Công Thương ; Công ty Sách Alpha
2022
|
| Hasła przedmiotowe: | |
| Etykiety: |
Dodaj etykietę
Nie ma etykietki, Dołącz pierwszą etykiete!
|
| Thư viện lưu trữ: | Thư viện Trường Đại học Nam Cần Thơ |
|---|
| LEADER | 01617nam a22002177a 4500 | ||
|---|---|---|---|
| 001 | NCT_4_016809 | ||
| 008 | 250121b xxu||||| |||| 00| 0 vie d | ||
| 999 | |c 8805 |d 8805 | ||
| 020 | |a 9786043623048 | ||
| 082 | 0 | 4 | |2 23rd ed. |a 658.8 |b R111 |
| 110 | 2 | |a Alpha Books | |
| 245 | 1 | 0 | |a Alpha Premium Toolbox - |b Sách tặng kèm theo sách Quantum Marketing |c Alpha Books biên soạn |
| 260 | |a H. |b Công Thương ; Công ty Sách Alpha |c 2022 | ||
| 300 | |a 41 tr. |b Minh họa |c 22 cm | ||
| 520 | 3 | |a Cuốn sách dành cho tất cả những người kinh doanh muốn hiểu tiếp thị đang phát triển nhanh chóng như thế nào, các nhà tiếp thị đang làm gì để sẵn sàng cho sự thay đổi này và thế giới mới sẽ như thế nào đối với các công ty, người tiêu dùng và xã hội khi cuộc đua phát triển tiếp thị mang tính cách mạng chiến lược đạt đến một cấp độ hoàn toàn mới. | |
| 653 | |a Truyền thông đa phương tiện | ||
| 942 | |2 ddc |c BK | ||
| 952 | |0 0 |1 0 |2 ddc |4 0 |6 658_800000000000000_R111 |7 0 |9 30285 |a 000001 |b 000001 |d 2025-01-21 |o 658.8 R111 |p MD.23534 |r 2025-01-21 |w 2025-01-21 |y BK | ||
| 952 | |0 0 |1 0 |2 ddc |4 0 |6 658_800000000000000_R111 |7 0 |9 30286 |a 000001 |b 000001 |d 2025-01-21 |o 658.8 R111 |p MD.23535 |r 2025-01-21 |w 2025-01-21 |y BK | ||
| 952 | |0 0 |1 0 |2 ddc |4 0 |6 658_800000000000000_R111 |7 0 |9 30287 |a 000001 |b 000001 |d 2025-01-21 |o 658.8 R111 |p MD.23536 |r 2025-01-21 |w 2025-01-21 |y BK | ||
| 980 | |a Thư viện Trường Đại học Nam Cần Thơ | ||


